|
|
|
|
| LEADER |
01323nam a2200349 a 4500 |
| 001 |
EBC809127 |
| 003 |
MiAaPQ |
| 005 |
20200520144314.0 |
| 006 |
m o d | |
| 007 |
cr cn||||||||| |
| 008 |
111213s2010 sz ad sb 000 0 eng d |
| 020 |
|
|
|z 9789221243342
|
| 020 |
|
|
|a 9789221243359 (electronic bk.)
|
| 035 |
|
|
|a (MiAaPQ)EBC809127
|
| 035 |
|
|
|a (Au-PeEL)EBL809127
|
| 035 |
|
|
|a (CaPaEBR)ebr10512122
|
| 035 |
|
|
|a (OCoLC)767502553
|
| 040 |
|
|
|a MiAaPQ
|c MiAaPQ
|d MiAaPQ
|
| 050 |
|
4 |
|a HB3722
|b .F56 2010
|
| 245 |
0 |
0 |
|a Financial crises, deflation and trade union responses
|h [electronic resource] :
|b what are the lessons?.
|
| 260 |
|
|
|a Geneva :
|b International Labour Office,
|c 2010.
|
| 300 |
|
|
|a 117 p. :
|b ill.
|
| 490 |
0 |
|
|a International journal of labour research,
|x 2076-9806 ;
|v v. 2, issue 1
|
| 504 |
|
|
|a Includes bibliographical references.
|
| 533 |
|
|
|a Electronic reproduction. Ann Arbor, MI : ProQuest, 2015. Available via World Wide Web. Access may be limited to ProQuest affiliated libraries.
|
| 650 |
|
0 |
|a Financial crises.
|
| 650 |
|
0 |
|a Deflation (Finance)
|
| 650 |
|
0 |
|a Labor unions.
|
| 655 |
|
4 |
|a Electronic books.
|
| 710 |
2 |
|
|a International Labour Office.
|
| 710 |
2 |
|
|a ProQuest (Firm)
|
| 856 |
4 |
0 |
|u https://ebookcentral.proquest.com/lib/matrademy/detail.action?docID=809127
|z Click to View
|